| 000 | 02019nam a2200469Ii 4500 | ||
|---|---|---|---|
| 001 | DIGINTRMED0027 | ||
| 003 | NyNyDIG | ||
| 008 | 230721s2011 ck a ob 000 0bspa d | ||
| 006 | m o d | ||
| 007 | cr ||||||||||| | ||
| 035 | _a(OCoLC)1391273205 | ||
| 040 |
_aDGITA _beng _erda _epn _cDGITA |
||
| 020 |
_a9789587573480 _qeBook |
||
| 020 |
_z9789587570847 _qtapa dura |
||
| 043 | _as-ck--- | ||
| 050 | 1 | 4 | _aQR31.C84 ebook |
| 100 | 1 |
_aCuero, Raul, _eauthor. |
|
| 245 | 1 | 0 |
_aDe Buenaventura a la NASA : _buna vida entre el triunfo y la supervivencia / _cRaúl G. Cuero Rengifo. |
| 250 | _aPrimera edición. | ||
| 264 | 1 |
_aBogotá, Colombia : _bIntermedio Editores, _c[2011] |
|
| 300 |
_a1 online resource : _billustrations. |
||
| 336 |
_atext _btxt _2rdacontent |
||
| 337 |
_acomputer _bc _2rdamedia |
||
| 338 |
_aonline resource _bcr _2rdacarrier |
||
| 347 |
_atext file _2rdaft |
||
| 347 | _bEPUB | ||
| 500 | _a"Conquistó espacios creativos hasta lograr el premio de tecnología de la agencia espacial más importante del mundo"--Cover. | ||
| 500 | _a"[el doctor Cuero] ofrece un punto de vista diferente, que normalmente no vemos en la NASA. David Mackay, jefe de Astrobiología de la NASA"--Cover. | ||
| 504 | _aIncludes bibliographical references. | ||
| 588 | 0 | _aOnline resource; title from ePub title page (Digitalia, viewed July 21, 2023) | |
| 650 | 0 |
_aMicrobiologists _zColombia _vBiography. |
|
| 650 | 0 |
_aInventors, Black _zColombia _vBiography. |
|
| 650 | 0 |
_aScientists, Black _zColombia _vBiography. |
|
| 600 | 1 | 0 |
_aCuero, Raul _vBiography. |
| 655 | 7 |
_aBiographies. _2lcgft |
|
| 776 | 0 | 8 |
_iPrint version: _aCuero, Raul. _tDe Buenaventura a la NASA. _bPrimera edición. _dBogotá, Colombia : Intermedio Editores, [2011] _z9789587570847 |
| 791 | 2 |
_aDigitalia (Firm), _edistributor. |
|
| 793 | 0 |
_gDigitalia eBook Collection: _aIntermedio Editores |
|
| 856 | 4 | 0 |
_3Digitalia Hispánica _uhttps://www.digitaliapublishing.com/a/52353/ |
| 910 | _aPremium collection: 2023 | ||
| 942 | _cRAA | ||
| 999 |
_c253213 _d253213 |
||